000
00372nam a2200145Ia 4500
008
231129s1989||||xx |||||||||||||| ||spa||
020
_a
968-451-810-2
040
_b
spa
082
_a
005.3 G685p
100
_a
Gottfried Byron S.
245
0
_a
Programacion en Pascal
260
_c
1989
264
_a
McGraw-Hill
942
_2
ddc
_c
BKS
999
_c
23338
_d
23338